Social Science-X (Record no. 3363)
[ view plain ]
| 000 -LEADER | |
|---|---|
| fixed length control field | 00225nam a22000857a 4500 |
| 008 - FIXED-LENGTH DATA ELEMENTS--GENERAL INFORMATION | |
| fixed length control field | 160922b xxu||||| |||| 00| 0 eng d |
| 100 ## - MAIN ENTRY--PERSONAL NAME | |
| 9 (RLIN) | 706 |
| Personal name | Prakash.S.etal. |
| 245 ## - TITLE STATEMENT | |
| Title | Social Science-X |
| 260 ## - PUBLICATION, DISTRIBUTION, ETC. (IMPRINT) | |
| Place of publication, distribution, etc. | New Delhi |
| Name of publisher, distributor, etc. | AP Publications |
| Date of publication, distribution, etc. | 2009 |
| Withdrawn status | Lost status | Source of classification or shelving scheme | Damaged status | Koha normalized classification for sorting | Not for loan | Home library | Current library | Shelving location | Date acquired | Total Checkouts | Total Renewals | Full call number | Barcode | Date last seen | Date last checked out | Price effective from | Koha item type |
|---|---|---|---|---|---|---|---|---|---|---|---|---|---|---|---|---|---|
| Dewey Decimal Classification | 300_000000000000000 | Good Samaritan School Library | Good Samaritan School Library | Social Science | 09/22/2016 | 7 | 1 | 300 | PRA7981 | 09/27/2023 | 09/18/2023 | 09/22/2016 | BOOK |